LIBRARY & INFORMATION CENTRE, KCAET, TAVANUR

ONLINE PUBLIC ACCESS CATALOGUE (OPAC)

Development and evaluation of modified atmosphere packed passion fruit (Passiflora edulis) (Record no. 14988)

MARC details
000 -LEADER
fixed length control field 00744nam a22001817a 4500
003 - CONTROL NUMBER IDENTIFIER
control field OSt
088 ## - REPORT NUMBER
Report number T 251
100 ## - MAIN ENTRY--AUTHOR NAME
Personal name R. MADHANA SUPRIYA
245 ## - TITLE STATEMENT
Title Development and evaluation of modified atmosphere packed passion fruit (Passiflora edulis)
260 ## - PUBLICATION, DISTRIBUTION, ETC. (IMPRINT)
Place of publication Tavanur 2012
Name of publisher Kelappaji College of Agricultural Engineering and Technology
300 ## - PHYSICAL DESCRIPTION
Number of Pages 102
500 ## - GENERAL NOTE
General note Development and evaluation of modified atmosphere packed passion fruit (Passiflora edulis)
520 ## - SUMMARY, ETC.
Summary, etc Development and evaluation of modified atmosphere packed passion fruit (Passiflora edulis)
700 ## - ADDED ENTRY--PERSONAL NAME
Personal name Dr. Sudheer K.P (Guide)
856 ## - ELECTRONIC LOCATION AND ACCESS
Uniform Resource Identifier https://drive.google.com/open?id=1pXK_lEvfNWsQ3XRcwIyGo9T1OFzZ0saM
942 ## - ADDED ENTRY ELEMENTS (KOHA)
Koha item type Theses
Holdings
Collection code Home library Current library Shelving location Full call number Accession Number Koha item type Public note
Reference KAUAET KAUAET Reference 631.56 MAD/DE T 251 Theses M.Tech Thesis
free website counter